| 000 | 01306nac a22002771u 4500 | ||
|---|---|---|---|
| 010 | _a 2005299389 | ||
| 020 | _a007145473X (hbk.) | ||
| 035 | _a(OCoLC)ocm57638761 | ||
| 082 | 0 | 4 |
_a622.3381 _bW739 |
| 090 |
_c1911 _d1911 |
||
| 100 | _aWilloughby, David A. | ||
| 245 | 1 | 0 |
_aHorizontal directional drilling : _butility and pipeline applications / _cby David A. Willoughby. |
| 260 |
_aNew York : _bMcGraw-Hill, _cc2005. |
||
| 300 |
_axiii, 393 p. : _bill., plans ; _c24 cm. |
||
| 490 | 1 | _aMcGraw-Hill civil engineering | |
| 504 | _aIncludes bibliographical references (p. 364-365) and index. | ||
| 650 | 0 | _aDirectional drilling. | |
| 650 | 0 | _aHorizontal oil well drilling. | |
| 650 | 0 | _aHorizontal gas well drilling. | |
| 830 | 0 | _aMcGraw-Hill civil engineering series. | |
| 856 | 4 | 2 |
_3Contributor biographical information _uhttp://www.loc.gov/catdir/enhancements/fy0627/2005299389-b.html |
| 856 | 4 | 2 |
_3Publisher description _uhttp://www.loc.gov/catdir/enhancements/fy0627/2005299389-d.html |
| 856 | 4 | 2 |
_3Table of contents only _uhttp://www.loc.gov/catdir/enhancements/fy0627/2005299389-t.html |
| 942 |
_cBB _k622.3381 |
||
| 999 |
_c1911 _d1911 |
||